00626nam a2200193Ia 4500008004100000020001500041082001500056100001700071245003000088250000800118260003500126300000700161500002400168650001200192942000700204952010200211952010200313999001700415230524s9999 xx 000 0 und d a8122402208 a537.4bRIE aHeinz Rieger 4aThe Magnetic Circuit Pi-4 a1ST aNEW DELHIbWiley Easternc1989 a69 aQuantity Number: 2 aPhysics cBK 00104070aTATCLbTATCLcGENd2023-05-24l0o537.4 RIEp6702r2023-05-24w2023-05-24yBKzBS1102 00104070aTATCLbTATCLcGENd2023-05-24l0o537.4 RIEp6703r2023-05-24w2023-05-24yBKzBS1102 c25647d25647